<?xml version="1.0" encoding="UTF-8"?>
<record
    xmlns:xsi="http://www.w3.org/2001/XMLSchema-instance"
    xsi:schemaLocation="http://www.loc.gov/MARC21/slim http://www.loc.gov/standards/marcxml/schema/MARC21slim.xsd"
    xmlns="http://www.loc.gov/MARC21/slim">

  <leader>04438nam a2200541Ia 4500</leader>
  <controlfield tag="001">3018</controlfield>
  <controlfield tag="008">241029s9999    xx            000 0 und d</controlfield>
  <datafield tag="010" ind1=" " ind2=" ">
    <subfield code="a">2831</subfield>
  </datafield>
  <datafield tag="041" ind1=" " ind2=" ">
    <subfield code="a">Espa&#xF1;ol</subfield>
  </datafield>
  <datafield tag="082" ind1=" " ind2=" ">
    <subfield code="a">Ts00010</subfield>
  </datafield>
  <datafield tag="245" ind1=" " ind2="0">
    <subfield code="a">Caracter&#xED;sticas del proceso de ense&#xF1;anza-aprendizaje en la lectura y escritura en los estudiantes de 3er. Grado del Nivel B&#xE1;sico en Seis (6) Centros Educativos, Distrito Educativo 02-06, a&#xF1;o 2009-2010.</subfield>
  </datafield>
  <datafield tag="260" ind1=" " ind2=" ">
    <subfield code="a">San Juan</subfield>
  </datafield>
  <datafield tag="300" ind1=" " ind2=" ">
    <subfield code="a">127</subfield>
  </datafield>
  <datafield tag="520" ind1=" " ind2=" ">
    <subfield code="a">15</subfield>
  </datafield>
  <datafield tag="630" ind1=" " ind2=" ">
    <subfield code="a">Lectoescritura</subfield>
  </datafield>
  <datafield tag="630" ind1=" " ind2=" ">
    <subfield code="a">Proceso de Ense&#xF1;anza-Aprendizaje</subfield>
  </datafield>
  <datafield tag="650" ind1=" " ind2=" ">
    <subfield code="a">Lengua Espa&#xF1;ola</subfield>
  </datafield>
  <datafield tag="690" ind1=" " ind2=" ">
    <subfield code="a">Sintetizado</subfield>
  </datafield>
  <datafield tag="700" ind1=" " ind2=" ">
    <subfield code="e">asesor</subfield>
    <subfield code="a">Espinal, Olga</subfield>
  </datafield>
  <datafield tag="700" ind1=" " ind2=" ">
    <subfield code="e">autor</subfield>
    <subfield code="a">Mateo Ram&#xF3;n, Altagracia</subfield>
  </datafield>
  <datafield tag="700" ind1=" " ind2=" ">
    <subfield code="e">autor</subfield>
    <subfield code="a">Morillo Ogando, Samira</subfield>
  </datafield>
  <datafield tag="901" ind1=" " ind2=" ">
    <subfield code="a">{"1":"Mateo Ram&#xF3;n","2":"Morillo Ogando"}</subfield>
    <subfield code="b">{"1":"Altagracia","2":"Samira"}</subfield>
  </datafield>
  <datafield tag="902" ind1=" " ind2=" ">
    <subfield code="a">1</subfield>
  </datafield>
  <datafield tag="903" ind1=" " ind2=" ">
    <subfield code="a">{"1":"Espinal"}</subfield>
    <subfield code="b">{"1":"Olga"}</subfield>
  </datafield>
  <datafield tag="904" ind1=" " ind2=" ">
    <subfield code="a">Maestr&#xED;a en</subfield>
  </datafield>
  <datafield tag="905" ind1=" " ind2=" ">
    <subfield code="a">Ling&#xFC;&#xED;stica Aplicada</subfield>
  </datafield>
  <datafield tag="906" ind1=" " ind2=" ">
    <subfield code="a">1</subfield>
  </datafield>
  <datafield tag="907" ind1=" " ind2=" ">
    <subfield code="a">con Aplicaci&#xF3;n a</subfield>
  </datafield>
  <datafield tag="908" ind1=" " ind2=" ">
    <subfield code="a">Ense&#xF1;anza de la Lengua Espa&#xF1;ola</subfield>
  </datafield>
  <datafield tag="909" ind1=" " ind2=" ">
    <subfield code="a">ISFODOSU, Recinto Urania Mont&#xE1;s</subfield>
  </datafield>
  <datafield tag="910" ind1=" " ind2=" ">
    <subfield code="a">NULL</subfield>
    <subfield code="b">NULL</subfield>
  </datafield>
  <datafield tag="911" ind1=" " ind2=" ">
    <subfield code="a">["1"]</subfield>
  </datafield>
  <datafield tag="912" ind1=" " ind2=" ">
    <subfield code="a">NO APLICA</subfield>
  </datafield>
  <datafield tag="913" ind1=" " ind2=" ">
    <subfield code="a">NULL</subfield>
  </datafield>
  <datafield tag="914" ind1=" " ind2=" ">
    <subfield code="a">20 de Diciembre de 2009</subfield>
  </datafield>
  <datafield tag="915" ind1=" " ind2=" ">
    <subfield code="a">17/11/19 07:11</subfield>
  </datafield>
  <datafield tag="916" ind1=" " ind2=" ">
    <subfield code="a">NULL</subfield>
  </datafield>
  <datafield tag="917" ind1=" " ind2=" ">
    <subfield code="a">NULL</subfield>
  </datafield>
  <datafield tag="918" ind1=" " ind2=" ">
    <subfield code="a">NO APLICA</subfield>
  </datafield>
  <datafield tag="919" ind1=" " ind2=" ">
    <subfield code="a">["128","163"]</subfield>
  </datafield>
  <datafield tag="520" ind1=" " ind2=" ">
    <subfield code="a">Este estudio se orient&#xF3; hacia las caracter&#xED;sticas del proceso ense&#xF1;anza-aprendizaje en la lectura y escritura en los alumnos del 3er. Grado del Nivel B&#xE1;sico en los Centros Educativos: La Cabirma, Los Damnificados, Hig&#xFC;erito Urbano, Juan de Herrera, J&#xED;nova y Sosa, del Distrito Educativo 02-06 San Juan, Oeste.En la misma se plante&#xF3; como prop&#xF3;sitos: Establecer las caracter&#xED;sticas del proceso de ense&#xF1;anza-aprendizaje de la lectura y la escritura en los alumnos de los Centros Educativos arriba citados; as&#xED; como determinar el nivel de formaci&#xF3;n acad&#xE9;mica del y la maestro/a que imparte docencia en este grado, establecer el perfil del estudiante de 3ro. en Lengua Espa&#xF1;ola, identificar los diversos tipos de textos, respecto a los prop&#xF3;sitos y destinatarios. De igual manera, identificar las estrategias curriculares utilizadas por los docentes en su pr&#xE1;ctica de lectura y escritura, el ambiente del aula en el que se desarrolla el proceso y las estrategias de evaluaci&#xF3;n empleadas por los docentes del 3er. Grado.Esta investigaci&#xF3;n fue de tipo descriptiva y de campo con un enfoque cualitativo. En la misma se utiliz&#xF3; una poblaci&#xF3;n de cuatrocientos ochenta (480) estudiantes de los cuales se tom&#xF3; el 10% para una muestra de cuarenta y ocho (48) alumnos/as, distribuidos en las diecis&#xE9;is (16) secciones de los seis (6) Centros de estudio, as&#xED; como diecis&#xE9;is (16) docentes para una muestra de un 100% de la poblaci&#xF3;n correspondiente a los a los Centros en estudio. La recopilaci&#xF3;n de los datos se hizo a trav&#xE9;s de la aplicaci&#xF3;n de instrumentos: entrevista, observaci&#xF3;n directa de la pr&#xE1;ctica docente y ambiente a&#xFA;lico, pruebas de compresi&#xF3;n y producci&#xF3;n a los/as alumnos/as, adem&#xE1;s se utilizaron los m&#xE9;todos anal&#xED;tico inductivo, deductivo.Con el an&#xE1;lisis de las informaciones se concluy&#xF3;: que todos los docentes que imparten el 3er. Grado son Licenciados y han realizado cursos de actualizaci&#xF3;n sobre la ense&#xF1;anza de lectura y escritura, la mayor&#xED;a de los docentes en sus estrategias evaluativas hacen uso de los diferentes tipos de evaluaci&#xF3;n diagn&#xF3;stica, continua y sumativa; utilizan preguntas literales, hacen uso de la observaci&#xF3;n directa de los trabajos y di&#xE1;logo individual; la mayor&#xED;a de los alumnos tuvo un alto porcentaje en la compresi&#xF3;n y producci&#xF3;n de texto, aunque una minor&#xED;a no pudo comprender ni producir debido a que se encontraba en un bajo nivel de aprendizaje en la lectura y la escritura.Estos resultados generaron varias recomendaciones dentro de la que se encuentra, que los docentes dirijan su pr&#xE1;ctica pedag&#xF3;gica en el proceso de la ense&#xF1;anza de la lectura y escritura tomando m&#xE1;s en cuenta la diversidad de los alumnos y sus aprendizajes previos, que los maestros hagan mayor uso de las variedades de textos, como se recomienda en el enfoque funcional y comunicativo.Para visualizar este estudio en su totalidad haga click aqu&#xED;</subfield>
  </datafield>
  <datafield tag="921" ind1=" " ind2=" ">
    <subfield code="a">24</subfield>
  </datafield>
  <datafield tag="922" ind1=" " ind2=" ">
    <subfield code="a">24</subfield>
  </datafield>
  <datafield tag="923" ind1=" " ind2=" ">
    <subfield code="a">0</subfield>
  </datafield>
  <datafield tag="924" ind1=" " ind2=" ">
    <subfield code="a">NO APLICA</subfield>
  </datafield>
  <datafield tag="942" ind1=" " ind2=" ">
    <subfield code="c">Tesis</subfield>
  </datafield>
  <datafield tag="999" ind1=" " ind2=" ">
    <subfield code="c">2831</subfield>
    <subfield code="d">2831</subfield>
  </datafield>
</record>
